000 00452pab a2200169 454500
008 180718b1980 xxu||||| |||| 00| 0 eng d
100 _aSudarsanam, T.
245 _aOpinion of personnel executives on participative management
260 _c1980
300 _ap.1041-1049.
362 _aOct-Dec
650 _aPersonnel
650 _aParticipatory development
773 _aIndian Journal of Public Administration
908 _aN
909 _a88517
999 _c88517
_d88517